| 000 | 02756cam a22003378i 4500 | ||
|---|---|---|---|
| 001 | 18324179 | ||
| 003 | PILC | ||
| 005 | 20160205100103.0 | ||
| 008 | 141003s2015 nyu b 001 0 eng | ||
| 010 | _a 2014030578 | ||
| 020 | _a9781138791114 (hardback) | ||
| 020 | _a9780273774921 (pbk) | ||
| 020 | _z9781315730493 (ebk) | ||
| 040 |
_aDLC _beng _cDLC _erda _dDLC |
||
| 042 | _apcc | ||
| 050 | 0 | 0 |
_aBF 636.6 _b.M53 2015 |
| 082 | 0 | 0 | _a158.3 |
| 084 |
_aPSY010000 _2bisacsh |
||
| 100 | 1 | _aMidwinter, Rebecca. | |
| 245 | 1 | 0 |
_aEmbedding counselling and communication skills : _ba relational skills model / _cRebecca Midwinter, and Janie Dickson. |
| 260 |
_aNew York : _bRoutledge, _c2015. |
||
| 300 |
_axii, 239 pages ; _c26 cm. |
||
| 500 | _aIncludes bibliographical references and indexes. | ||
| 520 | _a"Embedding Counselling and Communication Skills provides step-by-step learning for those looking to gain theoretical and practical understanding of using counselling and communication skills within the helper role and explores how to apply these skills in the context of professional practice. Becky Midwinter and Janie Dickson introduce the reader to a new Relational Skills model which demonstrates the phases of relationship development. The authors show what happens within each phase and identify how and when to use skills appropriately. Learning is brought alive through the use of online unscripted video clip sessions of a real helper/client relationship giving the reader opportunities and encouragement to reflect and evaluate their learning. Written in a clear and accessible teaching style, Embedding Counselling and Communication Skills progresses through the 'initial helper' communication skills that are used in everyday life, to the more complex and in-depth counselling skills required in a helper relationship. Knowledge of reflective practice, aspects of the relationship and how to manage change ensures the text considers the full range of general and specific skills and abilities required in a helper role situation, whilst the supporting online material is an invaluable tool to deepen and embed the theoretical understanding; practical application and self-reflection. This book will be an essential resource for students taking an introductory counselling skills course and qualified professionals who wish to enhance their knowledge of embedding counselling skills into their work and practice"-- | ||
| 650 | 0 | _aCounseling. | |
| 650 | 7 |
_aPSYCHOLOGY / Psychotherapy / Counseling. _2bisacsh |
|
| 700 | 1 | _aDickson, Janie. | |
| 906 |
_a7 _bcbc _corignew _d1 _eecip _f20 _gy-gencatlg |
||
| 942 |
_2lcc _cBK _kFOR |
||
| 999 |
_c288894 _d288894 |
||